00962nam a2200241 a 4500001001000000003000500010005001700015008004100032010001100073011001100084040000900095100003100104245017000135260004100305500006000346502010900406650003200515650003100547650002100578650002500599650002600624856007000650000111471CHAP20220329144212.0150511s2015 mx a fsm |||||||spa d a107933 a108905 cCHAP1 aVázquez Arciga, Gildardo10aIdentificación y manejo del agente causal de la marchitez del chile manzano (Capsicum pubescens R y P) en invernaderoh[En línea]cpor Gildardo Vázquez Arciga. aChapingo, Méx. :bEl autor,c2015. aPara ver el contenido del material haga clic en la liga aTesis (Ing. Agr. Esp. en Parasitología Agrícola) -- UACH. Departamento de Parasitología Agrícola14aChile manzanoxInvernadero.14aChile manzanoxVariedades.14aFusarium solani.14aMarchitez del chile.14aPhytophthora capsici. aFinding aiduhttp://10.13.5.2/tesis/sist111471.pdfzTeclea aquí